|
|
|
|
| LEADER |
00000nab a2200000 a 4500 |
| 001 |
vtls010256256 |
| 003 |
SK-MaSNL |
| 005 |
20260303092653.0 |
| 008 |
11030221c2007 xo o e sl |
| 035 |
|
|
|a SVKKK000088620
|
| 038 |
|
|
|a SVKKK
|
| 040 |
|
|
|a SVKKK
|b slo
|c SVKKK
|e AACR2
|
| 041 |
0 |
|
|a slo
|
| 044 |
|
|
|a xo
|c SK
|
| 080 |
|
|
|a 328.1
|2 1997
|
| 100 |
1 |
|
|a Daniel, Stano
|4 edt
|9 1102644
|
| 245 |
1 |
0 |
|a Odpočet programového vyhlásenia vlády SR k rómskej problematike
|c Stano Daniel
|
| 610 |
2 |
7 |
|a Slovensko
|b Vláda
|x programové vyhlásenie
|x rómska problematika
|y 2007
|2 snkbucl
|9 1102645
|
| 655 |
|
7 |
|a romiká
|2 snkbucl
|9 310820
|
| 773 |
0 |
|
|t Romano nevo ľil
|g Roč. 17, č. 819-823 (2007), s. 13-15
|
| 852 |
|
|
|a SVKKK
|b BIB
|
| 958 |
|
|
|a RQ
|
| 999 |
|
|
|c 1812759
|d 1814689
|